000 00300nam a22001097a 4500
999 _c263164
_d263163
020 _a9780803736986
100 _a Bently, Peter
245 _a King Jack and the dragon
260 _a New York :
_b Dial Books for Young Readers,
_c2011
300 _a1 v. (unpaged) :
_b col. ill.
_e 30 cm.
942 _cBK